书目信息 |
| 题名: |
黄河水沙调控与下游河道中水河槽塑造
|
|
| 作者: | 胡春宏 著 | |
| 分册: | ||
| 出版信息: | 北京 科学出版社 2007 |
|
| 页数: | 356页 | |
| 开本: | 26cm | |
| 丛书名: | ||
| 单 册: | ||
| 中图分类: | TV152 , TV882.1 | |
| 科图分类: | ||
| 主题词: | 含沙水流 , 下游河段 , 河道整治 | |
| 电子资源: | ||
| ISBN: | 978-7-03-018372-9 | |
| 000 | 01173nam0 2200337 450 | |
| 001 | 003458362 | |
| 005 | 20070805145325.73 | |
| 010 | @a978-7-03-018372-9@b精装@dCNY80.00 | |
| 035 | @a003458362 | |
| 100 | @a20070327d2007 em y0chiy0110 ea | |
| 101 | 0 | @achi |
| 102 | @aCN@b110000 | |
| 105 | @ay z 000yy | |
| 106 | @ar | |
| 200 | 1 | @a黄河水沙调控与下游河道中水河槽塑造@Ahuang he shui sha tiao kong yu xia you he dao zhong shui he cao su zao@f胡春宏等著@Fhu chun hong deng zhu |
| 210 | @a北京@c科学出版社@d2007 | |
| 215 | @a356页@d26cm | |
| 300 | @a“十五”国家科技攻关计划课题、国家自然科学基金重点项目、黄河下游治理方略研究课题成果 | |
| 304 | @a著者还有:陈建国、郭庆超、严军 | |
| 330 | @a本书围绕黄河水沙调控的理论与措施开展研究,提出了塑造与维持黄河下游中水河槽的优化方案,研究成果为黄河下游河道的治理提供科学的依据。 | |
| 606 | 0 | @a含沙水流 |
| 606 | 0 | @a下游河段 |
| 606 | 0 | @a河道整治 |
| 607 | @a黄河@x含沙水流@x控制@x研究 | |
| 607 | @a黄河@x下游河段@x河道整治@x研究 | |
| 607 | @a黄河 | |
| 690 | @aTV152@v4 | |
| 690 | @aTV882.1@v4 | |
| 701 | 0 | @a胡春宏@Ahu chun hong@f(1962~)@4著 |
| 801 | 0 | @aCN@bNLC@c20070805 |
| 905 | @dTV152@e31@f5 | |
| 黄河水沙调控与下游河道中水河槽塑造/胡春宏等著.-北京:科学出版社,2007 |
| 356页;26cm |
| “十五”国家科技攻关计划课题、国家自然科学基金重点项目、黄河下游治理方略研究课题成果 |
| ISBN 978-7-03-018372-9(精装):CNY80.00 |
| 本书围绕黄河水沙调控的理论与措施开展研究,提出了塑造与维持黄河下游中水河槽的优化方案,研究成果为黄河下游河道的治理提供科学的依据。 |
| ● |
| 相关链接 |
|
|
|
|
正题名:黄河水沙调控与下游河道中水河槽塑造
索取号:TV152/31
 
预约/预借
| 序号 | 登录号 | 条形码 | 馆藏地/架位号 | 状态 | 备注 |
| 1 | 0852010 | 208520108 | 第二样本阅览室/ [索取号:TV152/31] | 在馆 | |
| 2 | 0852011 | 208520117 | 第三借阅区/ [索取号:TV152/31] | 在馆 | |
| 3 | 0852012 | 208520126 | 第三借阅区/ [索取号:TV152/31] | 在馆 | |
| 4 | 0852013 | 208520135 | 第三借阅区/ [索取号:TV152/31] | 在馆 | |
| 5 | 0852014 | 208520144 | 第三借阅区/ [索取号:TV152/31] | 在馆 |